00520nam a2200193 a 4500001001300000003000900013005001700022008004100039020001000080082001600090100002000106245005900126260005000185300000900235500003500244505001000279650001700289700002000306nice12345678IN_TiNIC20260116011904.0050524s1958 bana grp 000 0 eng  ac6.500a275.4bPAU1 aPaul, Rajaiah D aFirst Decadeb an Account of the Church of South India aBangalorebChristian Literature Societyc1958 a294p aincludes index and biblioraphy2 aIndex aChurch-India1 aPaul, Rajaiah D